000 01562nam a2200265Ia 4500
999 _c56126
_d56126
001 23227
003 GE_BSU
005 20230508105651.0
008 181216s1966||||ge |||||||||||||| ||geo||
040 _cGE_BSU
041 _ageo
080 _a94(479.22)"05/17 ბ-57
100 _aბერძენიშვილი, ნიკოლოზ
_91447
245 _aსაქართველოს ისტორიის საკითხები:
_bწ. 3 [ფეოდალური ხანა] /
_cნიკოლოზ ბერძენიშვილი ; საქ. სსრ მეცნ. აკად., ივ. ჯავახიშვილის სახ. ისტორიის ინ-ტი.
264 _aთბილისი :
_bმეცნიერება,
_c1966.
300 _a403 გვ. ;
_b22 სმ.
500 _aპარალ. თავფურც. ქართ. და რუს. ენაზე.
504 _aბიბლიოგრაფია ტექსტის შენიშვნებში.
520 _aგაშლ. თავფ. რუს. ენ.
541 _h3ლ. 82 თ.
653 _aსაქართველოს ისტორიის საკითხები
653 _aფეოდალური ხანა
710 _aსაქართველოს სსრ მეცნიერებათა აკადემია.
_bივ. ჯავახიშვილის სახ. ისტორიის ინსტიტუტი.
_918018
942 _cBK
_2udc